<?xml version="1.0" encoding="UTF-8"?>
<record
    xmlns:xsi="http://www.w3.org/2001/XMLSchema-instance"
    xsi:schemaLocation="http://www.loc.gov/MARC21/slim http://www.loc.gov/standards/marcxml/schema/MARC21slim.xsd"
    xmlns="http://www.loc.gov/MARC21/slim">

  <leader>00476nam a22001697a 4500</leader>
  <controlfield tag="005">20251119152442.0</controlfield>
  <controlfield tag="008">251119b        |||||||| |||| 00| 0 eng d</controlfield>
  <datafield tag="020" ind1=" " ind2=" ">
    <subfield code="a">9798887154176</subfield>
  </datafield>
  <datafield tag="050" ind1=" " ind2=" ">
    <subfield code="a">TX 910.N67 2024</subfield>
  </datafield>
  <datafield tag="100" ind1=" " ind2=" ">
    <subfield code="a">NORRIS MONICA</subfield>
  </datafield>
  <datafield tag="245" ind1=" " ind2=" ">
    <subfield code="a">TRAVEL AIRLINES AND HOSPITALITY MANAGEMENT</subfield>
  </datafield>
  <datafield tag="260" ind1=" " ind2=" ">
    <subfield code="a">UNITED STATES OF AMERICA</subfield>
    <subfield code="b">ORYSON</subfield>
    <subfield code="c">2024</subfield>
  </datafield>
  <datafield tag="300" ind1=" " ind2=" ">
    <subfield code="a">X,282</subfield>
  </datafield>
  <datafield tag="500" ind1=" " ind2=" ">
    <subfield code="a">INCLUDES INDEX</subfield>
  </datafield>
  <datafield tag="650" ind1=" " ind2=" ">
    <subfield code="a">Travel industry,hospitalityt industry</subfield>
  </datafield>
  <datafield tag="942" ind1=" " ind2=" ">
    <subfield code="2">lcc</subfield>
    <subfield code="c">BK</subfield>
  </datafield>
  <datafield tag="999" ind1=" " ind2=" ">
    <subfield code="c">216218</subfield>
    <subfield code="d">216218</subfield>
  </datafield>
  <datafield tag="952" ind1=" " ind2=" ">
    <subfield code="0">0</subfield>
    <subfield code="1">0</subfield>
    <subfield code="2">lcc</subfield>
    <subfield code="4">0</subfield>
    <subfield code="6">TX0910 N67  02024</subfield>
    <subfield code="7">0</subfield>
    <subfield code="8">SCT</subfield>
    <subfield code="9">373434</subfield>
    <subfield code="a">KSUL</subfield>
    <subfield code="b">KSUL</subfield>
    <subfield code="c">DISPLAY</subfield>
    <subfield code="d">2025-11-19</subfield>
    <subfield code="i">109906</subfield>
    <subfield code="l">0</subfield>
    <subfield code="o">TX 910.N67 2024</subfield>
    <subfield code="p">000000020874</subfield>
    <subfield code="r">2025-11-19 15:25:25</subfield>
    <subfield code="t">4</subfield>
    <subfield code="w">2025-11-19</subfield>
    <subfield code="y">BK</subfield>
  </datafield>
  <datafield tag="952" ind1=" " ind2=" ">
    <subfield code="0">0</subfield>
    <subfield code="1">0</subfield>
    <subfield code="2">lcc</subfield>
    <subfield code="4">0</subfield>
    <subfield code="6">TX0910 N67  02024</subfield>
    <subfield code="7">0</subfield>
    <subfield code="8">SCT</subfield>
    <subfield code="9">373435</subfield>
    <subfield code="a">KSUL</subfield>
    <subfield code="b">KSUL</subfield>
    <subfield code="c">DISPLAY</subfield>
    <subfield code="d">2025-11-19</subfield>
    <subfield code="i">109905</subfield>
    <subfield code="l">0</subfield>
    <subfield code="o">TX 910.N67 2024</subfield>
    <subfield code="p">000000020875</subfield>
    <subfield code="r">2025-11-19 15:25:00</subfield>
    <subfield code="t">3</subfield>
    <subfield code="w">2025-11-19</subfield>
    <subfield code="y">BK</subfield>
  </datafield>
  <datafield tag="952" ind1=" " ind2=" ">
    <subfield code="0">0</subfield>
    <subfield code="1">0</subfield>
    <subfield code="2">lcc</subfield>
    <subfield code="4">0</subfield>
    <subfield code="6">TX0910 N67  02024</subfield>
    <subfield code="7">0</subfield>
    <subfield code="8">SCT</subfield>
    <subfield code="9">373436</subfield>
    <subfield code="a">KSUL</subfield>
    <subfield code="b">KSUL</subfield>
    <subfield code="c">DISPLAY</subfield>
    <subfield code="d">2025-11-19</subfield>
    <subfield code="i">109904</subfield>
    <subfield code="l">0</subfield>
    <subfield code="o">TX 910.N67 2024</subfield>
    <subfield code="p">000000020876</subfield>
    <subfield code="r">2025-11-19 15:25:00</subfield>
    <subfield code="t">2</subfield>
    <subfield code="w">2025-11-19</subfield>
    <subfield code="y">BK</subfield>
  </datafield>
  <datafield tag="952" ind1=" " ind2=" ">
    <subfield code="0">0</subfield>
    <subfield code="1">0</subfield>
    <subfield code="2">lcc</subfield>
    <subfield code="4">0</subfield>
    <subfield code="6">TX0910 N67  02024</subfield>
    <subfield code="7">0</subfield>
    <subfield code="8">SCT</subfield>
    <subfield code="9">373437</subfield>
    <subfield code="a">KSUL</subfield>
    <subfield code="b">KSUL</subfield>
    <subfield code="c">DISPLAY</subfield>
    <subfield code="d">2025-11-19</subfield>
    <subfield code="i">109903</subfield>
    <subfield code="l">0</subfield>
    <subfield code="o">TX 910.N67 2024</subfield>
    <subfield code="p">000000001540</subfield>
    <subfield code="r">2025-11-19 15:25:00</subfield>
    <subfield code="t">1</subfield>
    <subfield code="w">2025-11-19</subfield>
    <subfield code="y">BK</subfield>
  </datafield>
</record>
